000 00842cab a2200241 4500
001 ABS58755
008 090401t1998 xxu||||| |||| 00| 0 eng d
035 _a(Sirsi) u86646
041 _aeng
100 _aReynolds, P.
245 _aFinal judgement day?
260 _c1998
350 _a0
490 _aContract Journal
_v393(6177) 28 May 1998, 16-17(2)
520 _aCriticises the research report undertaken for the DETR "The Environmental Costs and Benefits of the Supply of Aggregates", for being ambiguous and unreliable. Highlights how the costs that make up the final proposed aggregates tax rates, contain great variations.
650 _aAGGREGATES TAX
650 _aENVIRONMENTAL COSTS
650 _aENVIRONMENTAL IMPACT
650 _aQUARRYING
690 _aMINING AND MINERALS
942 _n0
948 _c08/06/1998
999 _c54563
_d54563